[Event "Oberschwaben-chA"]
[Site "Markdorf"]
[Date "2009.05.23"]
[Round "6"]
[White "Hoersch, Heiner"]
[Black "Reimche, Vadim"]
[Result "1-0"]
[WhiteElo "2034"]
[BlackElo "2021"]
[PlyCount "123"]
[EventDate "2009.05.??"]
[EventType "swiss"]
[EventRounds "7"]
[EventCountry "GER"]

1. d4 Nf6 2. c4 c5 3. Nf3 g6 4. Nc3 cxd4 5. Nxd4 Bg7 6. e4 O-O 7. Be3 d6 8. f3
Nc6 9. Qd2 a6 10. Be2 Rb8 11. O-O Nd7 12. Rfd1 Re8 13. Nd5 Nxd4 14. Bxd4 Bxd4+
15. Qxd4 b5 16. cxb5 axb5 17. Rdc1 Nc5 18. b4 Ne6 19. Qa7 Bd7 20. Nc7 Nf4 21.
Bf1 Rf8 22. a4 bxa4 23. b5 Ne6 24. b6 Nc5 25. Bc4 Rb7 26. Qa5 Bc6 27. Rab1 Qd7
28. e5 Rc8 29. Rd1 Rcb8 30. h3 Kg7 31. exd6 exd6 32. Qc3+ f6 33. Re1 Rxb6 34.
Rxb6 Rxb6 35. Ne8+ Qxe8 36. Rxe8 Bxe8 37. g4 h6 38. Qe3 Bf7 39. Bxf7 Kxf7 40.
Qxh6 a3 41. Qh7+ Ke6 42. Qxg6 Ra6 43. Qg8+ Kd7 44. Qa2 Kc6 45. h4 d5 46. h5 Nd3
47. h6 Nb4 48. Qa1 Nc2 49. Qc3+ Kd7 50. Qd3 Nb4 51. Qb5+ Ke6 52. Qxb4 a2 53.
Qe1+ Kf7 54. Qa1 Kg6 55. Kf2 Kxh6 56. Ke3 Kg5 57. Kd4 Ra5 58. Qc1+ Kg6 59. Qc2+
f5 60. Qxf5+ Kg7 61. Qd7+ Kg6 62. Qd6+ 1-0

[Event "Oberschwaben-chA"]
[Site "Markdorf"]
[Date "2009.05.23"]
[Round "6"]
[White "Schroeder, Johannes"]
[Black "Kohn, Thomas"]
[Result "1-0"]
[WhiteElo "2127"]
[BlackElo "1991"]
[PlyCount "31"]
[EventDate "2009.05.??"]
[EventType "swiss"]
[EventRounds "7"]
[EventCountry "GER"]

1. c4 e5 2. Nc3 Nf6 3. g3 c6 4. Nf3 e4 5. Nd4 b5 6. d3 Bb7 7. Bg2 Bb4 8. O-O
Bxc3 9. bxc3 bxc4 10. dxe4 d5 11. Ba3 Na6 12. Nf5 Qa5 13. Nd6+ Kd7 14. Nxc4 Qc7
15. Rb1 c5 16. exd5 1-0

[Event "Oberschwaben-chA"]
[Site "Markdorf"]
[Date "2009.05.23"]
[Round "6"]
[White "Eltrich, Martin"]
[Black "Engelhart, Achim"]
[Result "1/2-1/2"]
[WhiteElo "1894"]
[BlackElo "2099"]
[PlyCount "50"]
[EventDate "2009.05.??"]
[EventType "swiss"]
[EventRounds "7"]
[EventCountry "GER"]

1. c4 c5 2. Nc3 Nc6 3. g3 g6 4. Bg2 Bg7 5. Nf3 e5 6. d3 Nge7 7. e4 d6 8. Nd5
O-O 9. Nxe7+ Qxe7 10. O-O a6 11. Ne1 Nd4 12. Nc2 Nxc2 13. Qxc2 Rb8 14. Bd2 f5
15. exf5 Bxf5 16. Rae1 Qd7 17. Bc3 b5 18. b3 b4 19. Bb2 Rbe8 20. Bd5+ Be6 21.
Bg2 Bg4 22. Bd5+ Kh8 23. f3 Be6 24. Be4 Kg8 25. a3 a5 1/2-1/2

[Event "Oberschwaben-chA"]
[Site "Markdorf"]
[Date "2009.05.23"]
[Round "6"]
[White "Rothmund, Joachim"]
[Black "Jacob, Matthaeus"]
[Result "1/2-1/2"]
[WhiteElo "1866"]
[BlackElo "1880"]
[PlyCount "53"]
[EventDate "2009.05.??"]
[EventType "swiss"]
[EventRounds "7"]
[EventCountry "GER"]

1. e4 c5 2. Nc3 d6 3. f4 e6 4. Nf3 Nc6 5. g3 Nf6 6. d3 Be7 7. Bg2 O-O 8. O-O a6
9. b3 Qc7 10. h3 b5 11. Bb2 Bb7 12. g4 Ne8 13. f5 b4 14. Ne2 d5 15. Qd2 dxe4
16. dxe4 exf5 17. exf5 Bf6 18. Bxf6 Nxf6 19. Qg5 Rfe8 20. Rae1 Ne4 21. Qh4 Ne5
22. Ng5 Nxg5 23. Qxg5 Bxg2 24. Kxg2 Qc6+ 25. Kg3 f6 26. Qh4 Nf7 27. Nf4 1/2-1/2

[Event "Oberschwaben-chA"]
[Site "Markdorf"]
[Date "2009.05.23"]
[Round "6"]
[White "Kreuzahler, Marc"]
[Black "Hoffart, Alexander"]
[Result "1/2-1/2"]
[WhiteElo "2006"]
[BlackElo "1873"]
[PlyCount "47"]
[EventDate "2009.05.??"]
[EventType "swiss"]
[EventRounds "7"]
[EventCountry "GER"]

1. Nc3 d5 2. e4 Nf6 3. exd5 Nxd5 4. Bc4 e6 5. Qf3 Nxc3 6. bxc3 Nc6 7. d4 Qf6 8.
Qxf6 gxf6 9. Nf3 Bd6 10. Rb1 b6 11. Bh6 Rg8 12. O-O Bb7 13. Be2 Na5 14. g3 Bd5
15. a4 Bc4 16. Bd3 O-O-O 17. Nd2 Bxd3 18. cxd3 e5 19. Be3 exd4 20. Bxd4 Be5 21.
Bxe5 fxe5 22. Nf3 f6 23. d4 Nc6 24. dxe5 1/2-1/2

[Event "Oberschwaben-chA"]
[Site "Markdorf"]
[Date "2009.05.24"]
[Round "7"]
[White "Knoedler, Dieter"]
[Black "Namyslo, Holger"]
[Result "1/2-1/2"]
[WhiteElo "2300"]
[BlackElo "2271"]
[PlyCount "41"]
[EventDate "2009.05.??"]
[EventType "swiss"]
[EventRounds "7"]
[EventCountry "GER"]

1. c4 e6 2. g3 d5 3. Bg2 Nf6 4. Nf3 Be7 5. O-O O-O 6. b3 a5 7. Bb2 a4 8. Na3 d4
9. Nc2 c5 10. e3 axb3 11. axb3 Rxa1 12. Qxa1 dxe3 13. Nxe3 Qb6 14. d4 Qxb3 15.
Rb1 Qb6 16. Bc3 Qa6 17. Qb2 cxd4 18. Nxd4 Nbd7 19. Nb5 Qb6 20. Ra1 Qc5 21. Na7
1/2-1/2

[Event "Oberschwaben-chA"]
[Site "Markdorf"]
[Date "2009.05.24"]
[Round "7"]
[White "Schwab, Matthias"]
[Black "Baur, Frank"]
[Result "1-0"]
[WhiteElo "1970"]
[BlackElo "1999"]
[PlyCount "69"]
[EventDate "2009.05.??"]
[EventType "swiss"]
[EventRounds "7"]
[EventCountry "GER"]

1. e4 g6 2. d4 Bg7 3. c4 d6 4. Nc3 Nf6 5. Nf3 O-O 6. Be2 Nbd7 7. O-O e5 8. d5
Nc5 9. Qc2 a5 10. Ne1 b6 11. b3 Nh5 12. Bxh5 gxh5 13. Be3 f5 14. f3 f4 15. Bf2
Kh8 16. Kh1 Rg8 17. a3 Bf6 18. Rb1 Bh4 19. b4 axb4 20. axb4 Bxf2 21. Qxf2 Nd7
22. Nd3 h4 23. Ra1 Rxa1 24. Rxa1 h3 25. Rg1 Nf6 26. gxh3 Rxg1+ 27. Qxg1 Bxh3
28. c5 bxc5 29. bxc5 Qg8 30. Nb5 Qxg1+ 31. Kxg1 Ne8 32. c6 Bc8 33. Nb4 Kg7 34.
Kg2 Kf6 35. Na7 1-0

[Event "Oberschwaben-chA"]
[Site "Markdorf"]
[Date "2009.05.24"]
[Round "7"]
[White "Mack, Wolfgang"]
[Black "Laengl, Juergen"]
[Result "0-1"]
[WhiteElo "2241"]
[BlackElo "2098"]
[PlyCount "92"]
[EventDate "2009.05.??"]
[EventType "swiss"]
[EventRounds "7"]
[EventCountry "GER"]

1. e4 e6 2. Nc3 d5 3. d4 Bb4 4. Nge2 Nf6 5. Bg5 dxe4 6. a3 Be7 7. Bxf6 gxf6 8.
Nxe4 Nc6 9. b4 f5 10. Nc5 b6 11. Nb3 a5 12. c3 Bb7 13. Nf4 Qd6 14. Nd3 Rg8 15.
Qc2 axb4 16. axb4 Rxa1+ 17. Nxa1 Nxd4 18. cxd4 Qxd4 19. Nb3 Bxb4+ 20. Nxb4
Qxb4+ 21. Nd2 Kd7 22. f3 Ra8 23. Qb1 Qf4 24. Qd3+ Ke7 25. Qc3 Ra5 26. Be2 Ra2
27. Bc4 Rxd2 28. Qxd2 Qxc4 29. Qg5+ Kd7 30. Kf2 Qc2+ 31. Kg3 e5 32. Qf6 f4+ 33.
Kh3 Bd5 34. g4 Qe2 35. Rc1 Qxf3+ 36. Kh4 h6 37. Rc2 Be6 38. Rd2+ Kc8 39. Qd8+
Kb7 40. Qg8 Qc3 41. Rd8 Qe1+ 42. Kh5 Qe4 43. Kxh6 f3 44. Ra8 Qg6+ 45. Qxg6 fxg6
46. Rf8 Bxg4 0-1

[Event "Oberschwaben-chA"]
[Site "Markdorf"]
[Date "2009.05.24"]
[Round "7"]
[White "Schroeder, Johannes"]
[Black "Hoersch, Heiner"]
[Result "1/2-1/2"]
[WhiteElo "2127"]
[BlackElo "2034"]
[PlyCount "36"]
[EventDate "2009.05.??"]
[EventType "swiss"]
[EventRounds "7"]
[EventCountry "GER"]

1. c4 c5 2. Nf3 g6 3. g3 Bg7 4. Bg2 Nc6 5. Nc3 Nf6 6. O-O O-O 7. d4 cxd4 8.
Nxd4 Nxd4 9. Qxd4 d6 10. Qd3 Rb8 11. Be3 Bf5 12. Qd2 b6 13. Bd4 Qd7 14. Rac1
Rfe8 15. Rfd1 Rbc8 16. b3 Bh3 17. Bh1 Qf5 18. Nd5 Ne4 1/2-1/2

[Event "Oberschwaben-chA"]
[Site "Markdorf"]
[Date "2009.05.24"]
[Round "7"]
[White "Engelhart, Achim"]
[Black "Rothmund, Joachim"]
[Result "1/2-1/2"]
[WhiteElo "2099"]
[BlackElo "1866"]
[PlyCount "36"]
[EventDate "2009.05.??"]
[EventType "swiss"]
[EventRounds "7"]
[EventCountry "GER"]

1. e4 d5 2. exd5 Qxd5 3. Nc3 Qa5 4. Bc4 c6 5. d3 Bf5 6. Bd2 e6 7. Qe2 Nd7 8.
Nf3 Ngf6 9. O-O-O Qc7 10. Nd4 g6 11. Ne4 Bxe4 12. dxe4 Nc5 13. e5 Nd5 14. f4
O-O-O 15. Nf3 h6 16. a3 Be7 17. g3 Rd7 18. Ba2 Qb6 1/2-1/2

[Event "Oberschwaben-chA"]
[Site "Markdorf"]
[Date "2009.05.24"]
[Round "7"]
[White "Jurisic, Zlatko"]
[Black "Eltrich, Martin"]
[Result "1-0"]
[WhiteElo "2047"]
[BlackElo "1894"]
[PlyCount "75"]
[EventDate "2009.05.??"]
[EventType "swiss"]
[EventRounds "7"]
[EventCountry "GER"]

1. d4 Nf6 2. Nf3 g6 3. g3 Bg7 4. Bg2 O-O 5. O-O d6 6. c4 c5 7. Nc3 Nc6 8. h3
Nd7 9. e3 a6 10. Qd3 Nb6 11. b3 e5 12. dxe5 dxe5 13. Qxd8 Rxd8 14. Bb2 e4 15.
Nh2 f5 16. Rad1 Be6 17. f3 Nb4 18. fxe4 fxe4 19. g4 Nd3 20. Ba1 Bh6 21. Bxe4
Bxe3+ 22. Kg2 Ne5 23. Bxb7 Rab8 24. Rxd8+ Rxd8 25. Rd1 Bd4 26. Nf3 Nbxc4 27.
bxc4 Nxc4 28. Kg3 Ne3 29. Rc1 Bc4 30. Nxd4 cxd4 31. Nd1 Nxd1 32. Rxd1 d3 33.
Rd2 Re8 34. Kf3 Rb8 35. Be4 Rd8 36. Bc3 Kf7 37. Ke3 h5 38. Bxd3 1-0

[Event "Oberschwaben-chA"]
[Site "Markdorf"]
[Date "2009.05.24"]
[Round "7"]
[White "Reimche, Vadim"]
[Black "Zdzuj, Christian"]
[Result "1/2-1/2"]
[WhiteElo "2021"]
[BlackElo "1931"]
[PlyCount "109"]
[EventDate "2009.05.??"]
[EventType "swiss"]
[EventRounds "7"]
[EventCountry "GER"]

1. d4 d5 2. c4 e6 3. Nc3 c5 4. cxd5 exd5 5. Nf3 Nc6 6. g3 Nf6 7. Bg2 Be7 8. O-O
O-O 9. dxc5 Bxc5 10. Na4 Be7 11. Be3 Re8 12. Bc5 Bxc5 13. Nxc5 Qe7 14. Qc1 Bg4
15. Re1 Rac8 16. h3 Bh5 17. Na4 b5 18. Nc3 b4 19. g4 Bg6 20. g5 Ne4 21. Nxd5
Qd6 22. Rd1 Nd4 23. Rxd4 Rxc1+ 24. Rxc1 Qf8 25. Nxb4 f6 26. gxf6 Nxf6 27. e3
Be4 28. Nd2 Bxg2 29. Kxg2 Rd8 30. Rcc4 Rxd4 31. Rxd4 Qa8+ 32. Kg1 Qb7 33. Nd3
h6 34. a4 Qc6 35. a5 Nd5 36. Kf1 a6 37. Ke1 Nc7 38. b4 Nb5 39. Rd8+ Kh7 40. Nc5
Nc3 41. Ndb3 Qh1+ 42. Kd2 Qd1+ 43. Kxc3 Qxd8 44. b5 axb5 45. a6 g5 46. Kb4 h5
47. f3 Qd5 48. e4 Qf7 49. Kxb5 Qxf3 50. a7 Qf8 51. Nd7 Qa8 52. Kb6 Qd8+ 53. Ka6
Qc8+ 54. Kb6 Qd8+ 55. Ka6 1/2-1/2

[Event "Oberschwaben-chA"]
[Site "Markdorf"]
[Date "2009.05.24"]
[Round "7"]
[White "Jacob, Matthaeus"]
[Black "Kreuzahler, Marc"]
[Result "0-1"]
[WhiteElo "1880"]
[BlackElo "2006"]
[PlyCount "72"]
[EventDate "2009.05.??"]
[EventType "swiss"]
[EventRounds "7"]
[EventCountry "GER"]

1. e4 Nc6 2. d4 d5 3. e5 Bf5 4. c3 f6 5. f4 e6 6. Nf3 Be7 7. Bd3 Bxd3 8. Qxd3
f5 9. Be3 Nh6 10. Nbd2 Qd7 11. O-O-O a5 12. h3 a4 13. Rdg1 Na5 14. g4 b5 15. g5
Ng8 16. Kd1 Nc4 17. Nxc4 dxc4 18. Qc2 Bc5 19. Ke2 Bb6 20. a3 Ne7 21. Rd1 Qd5
22. Rh2 O-O-O 23. h4 Qb7 24. h5 Rd7 25. Rf2 Nd5 26. Bc1 Rhd8 27. Nh4 Ne7 28.
Be3 Kb8 29. Nf3 c5 30. Rh2 Nc6 31. Rd2 cxd4 32. Nxd4 Bxd4 33. Bxd4 Nxd4+ 34.
cxd4 Rxd4 35. Rxd4 Rxd4 36. Rf2 Rd5 0-1

[Event "Oberschwaben-chA"]
[Site "Markdorf"]
[Date "2009.05.24"]
[Round "7"]
[White "Hoffart, Alexander"]
[Black "Kohn, Thomas"]
[Result "1/2-1/2"]
[WhiteElo "1873"]
[BlackElo "1991"]
[PlyCount "50"]
[EventDate "2009.05.??"]
[EventType "swiss"]
[EventRounds "7"]
[EventCountry "GER"]

1. e4 c5 2. Nf3 d6 3. d4 cxd4 4. Nxd4 Nf6 5. Nc3 a6 6. g3 e5 7. Nb3 b5 8. Bg5
Nbd7 9. Bg2 Bb7 10. O-O Be7 11. Re1 b4 12. Bxf6 Nxf6 13. Nd5 Nxd5 14. exd5 O-O
15. a3 a5 16. axb4 axb4 17. Rxa8 Bxa8 18. Qg4 Qb8 19. Na5 Qb5 20. Nc6 Bxc6 21.
dxc6 f5 22. Qe2 Qc5 23. Qe3 e4 24. Qxc5 dxc5 25. f3 Rc8 1/2-1/2